|
|
|
|
| LEADER |
02252nam a2200469 a 4500 |
| 001 |
mzk03001189580 |
| 003 |
CZ BrMZK |
| 005 |
20130520142938.0 |
| 007 |
ta |
| 008 |
130516s1724 gw f |||| 0 lat d |
| 040 |
|
|
|a BOA001
|b cze
|
| 072 |
|
7 |
|a 27-4
|x Praktická teologie. Morální teologie
|2 Konspekt
|9 5
|
| 072 |
|
7 |
|a 094
|x Staré tisky
|2 Konspekt
|9 12
|
| 080 |
|
|
|a 27-42
|2 MRF
|
| 080 |
|
|
|a (0.068)094
|2 MRF
|
| 080 |
|
|
|a 025.171
|2 MRF
|
| 100 |
1 |
|
|a Lacroix, Claude,
|d 1652-1714
|7 ola2007364619
|4 aut
|
| 245 |
1 |
0 |
|a THEOLOGIA MORALIS ANTEHAC EX PROBATIS Auctoribus breviter concinnata a R.P. HERM. BUSENBAUM Societatis JESU, SS. Theologiae Licentiato; Nunc pluribus partibus aucta a R.P.CLAUDIO LA CROIX ejusdem Societatis JESU, SS. Theologiae in Universitate Coloniensi Doctore & Professore publico.
|n TOMULI VII
|
| 246 |
3 |
0 |
|a THEOLOGIA MORALIS TOMULI VII
|
| 260 |
|
|
|a Coloniae Agrippinae :
|b Apud Servantium Noethen Bibliopolam, an der hohen Schmidt,
|c 1724
|
| 300 |
|
|
|a [16], 881-1511, [46] s.;
|c 8°
|
| 500 |
|
|
|a Výzdoba: Na titulním listu rytina, linky z typografických ozdůbek, koncová viněta
|
| 500 |
|
|
|a Paginace průběžná s předchozím svazkem
|
| 561 |
|
|
|a Provenience: Exlibris se studujícím mnichem
|
| 563 |
|
|
|a Vazba usňová na dřevěné desce, zlacený hřbet, hřbetní štítky, červená ořízka
|
| 561 |
|
|
|a Provenience: [m.p.] Praepositurae Rayhradensis SS. P.J.P. O.S. Benedicti in Moravia procuravit Oth[marus] Praep. 1764
|
| 650 |
|
7 |
|a morální teologie
|7 ph115355
|2 czenas
|
| 655 |
|
7 |
|a staré tisky
|7 fd422076
|2 czenas
|
| 650 |
|
7 |
|a historické knihovní fondy
|7 ph172933
|2 czenas
|
| 700 |
1 |
|
|a Busenbaum, Hermann,
|d 1600-1668
|7 mzk2008459096
|4 aut
|
| 856 |
4 |
1 |
|u https://imageserver.mzk.cz/mzk03/001/189/580/328100209233.titul
|y Digitalizovaný dokument
|
| 903 |
|
|
|a RP
|
| 910 |
|
|
|e BOE950
|c R - F. I. a. 22
|
| 978 |
|
|
|b Noethen, Servas
|a Köln a.R.
|c 1724
|
| 981 |
1 |
|
|a Conrad, Otmar,
|d 1729-1812
|7 mzk2008473044
|
| 982 |
0 |
|
|a Rajhrad - benediktinský klášter
|8 1764
|
| 984 |
|
|
|a Kolín nad Rýnem
|b Německo
|
| 985 |
|
|
|a 1701-1750
|
| 990 |
|
|
|a BK
|
| 996 |
|
|
|e BOE950
|c R - F. I. a. 22
|
| 980 |
|
|
|c 209233
|g R - F. I. a. 22
|1 328100209233
|p N. 1396, H. II. g. 14, Z. I. d. 17
|
| 991 |
|
|
|k rajhrad
|